<?xml version="1.0" encoding="UTF-8"?>
<collection xmlns="http://www.loc.gov/MARC21/slim">
 <record>
  <leader>01324nam a2200337 a 4500</leader>
  <controlfield tag="001">33246</controlfield>
  <controlfield tag="003">BD-DhAAL</controlfield>
  <controlfield tag="005">20180708104122.0</controlfield>
  <controlfield tag="008">180707r20041992wiua     b    001 0 eng d</controlfield>
  <datafield tag="999" ind1=" " ind2=" ">
   <subfield code="c">39607</subfield>
   <subfield code="d">39607</subfield>
  </datafield>
  <datafield tag="010" ind1=" " ind2=" ">
   <subfield code="a">   92070607 </subfield>
  </datafield>
  <datafield tag="020" ind1=" " ind2=" ">
   <subfield code="a">8170582970</subfield>
  </datafield>
  <datafield tag="020" ind1=" " ind2=" ">
   <subfield code="a">094152468X :</subfield>
   <subfield code="c">$29.95</subfield>
  </datafield>
  <datafield tag="020" ind1=" " ind2=" ">
   <subfield code="a">9788170582977</subfield>
  </datafield>
  <datafield tag="040" ind1=" " ind2=" ">
   <subfield code="a">DLC</subfield>
   <subfield code="c">DLC</subfield>
   <subfield code="d">DLC</subfield>
   <subfield code="d">BD-DhAAL</subfield>
  </datafield>
  <datafield tag="050" ind1="0" ind2="0">
   <subfield code="a">BL444</subfield>
   <subfield code="b">.M68 1992</subfield>
  </datafield>
  <datafield tag="082" ind1="0" ind2="0">
   <subfield code="a">294.537</subfield>
   <subfield code="2">20</subfield>
  </datafield>
  <datafield tag="100" ind1="0" ind2=" ">
   <subfield code="a">Mother,</subfield>
   <subfield code="d">1878-1973.</subfield>
   <subfield code="9">26726</subfield>
  </datafield>
  <datafield tag="245" ind1="1" ind2="0">
   <subfield code="a">Flowers and their messages /</subfield>
   <subfield code="c">the Mother.</subfield>
  </datafield>
  <datafield tag="250" ind1=" " ind2=" ">
   <subfield code="a">Fourth newly revised edition</subfield>
  </datafield>
  <datafield tag="260" ind1=" " ind2=" ">
   <subfield code="a">Pondicherry :</subfield>
   <subfield code="b">Sri Aurobindo Ashram publication,</subfield>
   <subfield code="c">c1992 [reprinted 2004]</subfield>
  </datafield>
  <datafield tag="300" ind1=" " ind2=" ">
   <subfield code="a">xv, 309 pages :</subfield>
   <subfield code="b">illustrations (some col.) ;</subfield>
   <subfield code="c">25 cm.</subfield>
  </datafield>
  <datafield tag="504" ind1=" " ind2=" ">
   <subfield code="a">Includes bibliographical references and index.</subfield>
  </datafield>
  <datafield tag="526" ind1=" " ind2=" ">
   <subfield code="a">ARC</subfield>
  </datafield>
  <datafield tag="541" ind1=" " ind2=" ">
   <subfield code="e">33246</subfield>
  </datafield>
  <datafield tag="650" ind1=" " ind2="0">
   <subfield code="a">Flowers</subfield>
   <subfield code="x">Religious aspects.</subfield>
   <subfield code="9">26727</subfield>
  </datafield>
  <datafield tag="650" ind1=" " ind2="0">
   <subfield code="a">Flowers</subfield>
   <subfield code="x">Symbolic aspects.</subfield>
   <subfield code="9">26728</subfield>
  </datafield>
  <datafield tag="650" ind1=" " ind2="0">
   <subfield code="a">Flower language.</subfield>
   <subfield code="9">26729</subfield>
  </datafield>
  <datafield tag="852" ind1=" " ind2=" ">
   <subfield code="a">Department of Architecture</subfield>
   <subfield code="c">General Stacks</subfield>
  </datafield>
  <datafield tag="942" ind1=" " ind2=" ">
   <subfield code="2">ddc</subfield>
   <subfield code="c">BK</subfield>
  </datafield>
  <datafield tag="952" ind1=" " ind2=" ">
   <subfield code="0">0</subfield>
   <subfield code="1">1</subfield>
   <subfield code="2">ddc</subfield>
   <subfield code="4">0</subfield>
   <subfield code="6">294_537000000000000_MOT</subfield>
   <subfield code="7">0</subfield>
   <subfield code="9">63625</subfield>
   <subfield code="a">ARC</subfield>
   <subfield code="b">ARC</subfield>
   <subfield code="c">GEN</subfield>
   <subfield code="d">2018-07-08</subfield>
   <subfield code="l">0</subfield>
   <subfield code="o">294.537 MOT</subfield>
   <subfield code="p">3010033246</subfield>
   <subfield code="r">2018-07-08</subfield>
   <subfield code="t">1</subfield>
   <subfield code="w">2018-07-08</subfield>
   <subfield code="y">BK</subfield>
   <subfield code="x">lost from the ARC department library and approved by the Dean (reasons personal books withdrawn by Hasibul Kabir Sir and Building shifting)</subfield>
  </datafield>
 </record>
</collection>
